000 00585nam a2200229Ia 4500
003 OSt
005 20221007074225.0
006 a|||||r|||| 00| 0
007 ta
008 221006b |||||||| |||| 00| 0 eng d
024 _a27,285
037 _cTextual
040 _aFLL
_cFLL
_beng
041 _2eng
_aeng
082 _aZ58:881, L3,2
100 _aTerebilov V.
_9692750
245 0 _aSoviet court
260 _aMoscow
_bProgress Publishers
_c1973
300 _a181p
_ccm.
942 _hZ58:881, L3,2
_cTEXL
_2CC
999 _c1151599
_d1151599